Normal view
MARC view
- Allah Ka Paigham-e-Mohabbat
Entry Topical Term
001 - CONTROL NUMBER
- control field: 69540
003 - CONTROL NUMBER IDENTIFIER
- control field: NUST
005 - DATE AND TIME OF LATEST TRANSACTION
- control field: 20210628204240.0
008 - FIXED-LENGTH DATA ELEMENTS
- fixed length control field: 210628|| aca||aabn | a|a d
040 ## - CATALOGING SOURCE
- Original cataloging agency: NUST
- Transcribing agency: NUST
150 ## - HEADING--TOPICAL TERM
- Topical term or geographic name entry element: Allah Ka Paigham-e-Mohabbat
670 ## - SOURCE DATA FOUND
- Source citation: Work cat.: (NUST): Umme Warda 69539, Allah ka paigham-e-mohabbat, 2017
